<?xml version="1.0" encoding="UTF-8"?>
<record
    xmlns:xsi="http://www.w3.org/2001/XMLSchema-instance"
    xsi:schemaLocation="http://www.loc.gov/MARC21/slim http://www.loc.gov/standards/marcxml/schema/MARC21slim.xsd"
    xmlns="http://www.loc.gov/MARC21/slim">

  <leader>00374    a2200109   4500</leader>
  <controlfield tag="001">ART_52977</controlfield>
  <controlfield tag="005">20260410161759.0</controlfield>
  <controlfield tag="008">260409a                                 </controlfield>
  <datafield tag="245" ind1="1" ind2="0">
    <subfield code="a">Repaso de los elementos del tipo penal y otros aspectos relevantes de la evasi&#xF3;n tributaria</subfield>
  </datafield>
  <datafield tag="100" ind1="1" ind2=" ">
    <subfield code="a">Robiglio, Carolina L.</subfield>
  </datafield>
  <datafield tag="773" ind1="0" ind2=" ">
    <subfield code="t">Doctrina tributaria</subfield>
    <subfield code="g">- N&#xBA; 497 (ago. 2021)</subfield>
    <subfield code="w">REV4296</subfield>
  </datafield>
  <datafield tag="999" ind1=" " ind2=" ">
    <subfield code="c">20377</subfield>
    <subfield code="d">20377</subfield>
  </datafield>
</record>
